Studia Universitatis "Vasile Goldiş" Arad. Seria ştiinţe economice
| Format: | Electronic Journal |
|---|---|
| Language: | Romanian, Moldovan English |
| Published: |
Arad :
Editura Universităţii "Vasile Goldiş",
[2007]-
|
| Subjects: | |
| Online Access: | Full text available from Research Library: 01/01/2013 to 12/31/2013 Full text available from Research Library: 01/01/2016 to present |
MARC
| LEADER | 00000nas a2200000 i 4500 | ||
|---|---|---|---|
| 001 | ssj0000328859 | ||
| 003 | WaSeSS | ||
| 005 | 20200512172242.0 | ||
| 006 | m d | ||
| 007 | cr n | ||
| 008 | 120924cuuuu9999rm zx p s 0 0rum c | ||
| 010 | |a 2013265057 | ||
| 022 | |a 2285-3065 | ||
| 035 | |a (WaSeSS)ssj0000328859 | ||
| 040 | |a IUA |b eng |e pn |c IUA |d CNU |d CUS |d OCLCF |d OCLCO |d CUS |d OCLCQ |d DLC |d ZCU |d CUS |d LND |d AUD |d VT2 |d WaSeSS | ||
| 041 | 0 | |a rum |a eng | |
| 042 | |a msc | ||
| 050 | 1 | 4 | |a HB1 |
| 245 | 0 | 0 | |a Studia Universitatis "Vasile Goldiş" Arad. |p Seria ştiinţe economice |h [electronic resource]. |
| 246 | 1 | 3 | |a Seria ştiinţe economice |
| 246 | 1 | 3 | |a Economics series |
| 260 | |a Arad : |b Editura Universităţii "Vasile Goldiş", |c [2007]- | ||
| 310 | |a Frequency varies | ||
| 506 | |a License restrictions may limit access. | ||
| 588 | |a Description based on: 17 (2007); title from journal home page (publisher's Web site, viewed Dec. 20, 2013). | ||
| 588 | |a Latest issue consulted: Vol. 22, issue 4 (2012) (viewed Dec. 20, 2013). | ||
| 650 | 0 | |a Economics |x Research |v Periodicals. | |
| 650 | 0 | |a Economics |v Periodicals. | |
| 650 | 7 | |a Economics. |2 fast |0 (OCoLC)fst00902116 | |
| 650 | 7 | |a Economics |x Research. |2 fast |0 (OCoLC)fst00902203 | |
| 655 | 0 | |a Electronic journals. | |
| 856 | 4 | 0 | |z Full text available from Research Library: 01/01/2013 to 12/31/2013 |u https://search.proquest.com/publication/2006335 |
| 856 | 4 | 0 | |z Full text available from Research Library: 01/01/2016 to present |u https://search.proquest.com/publication/2006335 |